000 00490nam a22001937a 4500
003 MPLRDC
005 20220104113620.0
008 210129b ||||| |||| 00| 0 eng d
020 _a981-232-768-1
082 _a173.1 ETXL v.2
100 _a李文全医生
245 _a压力
_c
250 _a初版
260 _a新加坡
_bTIMES EDITIONS - MARSHALL CAVENDISH
_c2004
300 _b63
490 _a儿童心理健康手册
650 _a儿童心理学
942 _cBK
_o173.1 ETXL v.2
999 _c1007
_d997